najtrudniejszy quiz geograficzny - Statystyki

Ogólne statystyki
  • Ten quiz został rozwiązany 302 razy
  • Średni wynik to 15 z 63
Statystyki odpowiedzi
nr zdanie odpowiedź % Poprawnych
1 państwo graniczące z danią niemcy
99%
6 państwo z największą ilością stref czasowych rosja
57%
8 kraj ten dysponuje aż 6255 głowicami jądrowymi rosja
49%
4 państwo z największą liczbą morderstw (20 982) stany zjednoczone
45%
9 pierwsze państwo w alfabecie afganistan
44%
5 państwo z największą liczbą wysp (ma ponad 221 tys. wysp) szwecja
44%
10 kraj w którym więcej osób mówi po niemiecku nisz w niemczech austria
43%
13 od tego kraju USA dostało statuę wolności francja
40%
35 Najczęściej występujący kolor na flagach państwowych czerwony
36%
49 państwo do którego należy należy grenlandia dania
34%
12 pierwsze państwo w alfabecie na literę g gabon
34%
26 Kraj z najdłuższą linią brzegową kanada
33%
39 najmłodsze państwo eurpy kosowo
33%
28 Państwo z największą ilością Polonii stany zjednoczone
33%
30 Największy kraj bez dostępu do morza kazachstan
32%
62 stolica kanady ottawa
32%
61 kraj ten graniczy z brazylią,boliwią i argentyą paragwaj
32%
52 państwo ameryki południowej kończące się na u peru
32%
22 Najczęściej odwiedzane miasto Europy londyn
30%
37 Kontynent, na którym jest państwo, którego nie dałoby się zniszczyć całkowicie największą bombą atomową Ameryka Południowa
29%
40 najmłodsze państwo świata sudan południowy
29%
17 Państwo z najwyższą temperaturą w historii stany zjednoczone
28%
47 najludniejsze miasto świata tokio
28%
55 najszczęśliwszy kraj finlandia
27%
15 Państwo z najdłuższą obowiązkową służbą wojskową korea północna
27%
46 państwo z którym francja ma najdłuższą granice brazylia
25%
48 kraj z uni europejskiej mający najwięcej sąsiadów francja
25%
54 państwo kończące się na ś białoruś
24%
44 w kraju tym znajduje się największe jezioro w ameryce południowej boliwia
24%
2 najbardziej katolicki kraj na świecie brazylia
24%
58 kraj ten miał kiedyś całą zieloną flagę libia
24%
14 Najbardziej zbombardowany kraj laos
23%
23 Najmniej rozwinięte państwo Europy (na rok 2016) wg. HDI mołdawia
23%
60 na fladze tego afrykańskiego kraju widnieje złoty orzeł egipt
22%
59 Jako jedyny kraj w Afryce nie został skolonizowany etiopia
22%
51 państwo europy którego flaga jest najbardziej kolorowa hiszpania
22%
31 Kraj z najkrótszą linią brzegową monako
21%
53 państwo kończące się na d czad
18%
16 Jedyne Europejskie państwo, gdzie można spalić ich flagę, lecz nie można spalić flagi innego państwa dania
17%
11 stolica mjanmy naypyidaw
17%
41 najbiedniejsze państwo świata burundi
16%
32 10. najmniejsze państwo Europy (20 273 km²) słowenia
16%
3 państwo z aktualnie najwyższą influacją turcja
15%
42 stan usa w którym znajduje się się wielki kanion arizona
14%
38 Kraj, który stracił najwięcej terytorium w historii (procentowo). watykan
14%
56 największy kraj bez lotniska andora
12%
43 W tym kraju jednym z języków urzędowych jest migowy nowa zelandia
12%
33 państwo z flagą z największą ilością pasków malezja
11%
7 państwo bez podatków zjednoczone emiraty arabskie
9%
36 Nieeuropejski, podwójnie śródlądowy kraj kirgistan
8%
57 kraj w którym jest ponad 20% niewolników mimo, że posiadanie niewolnika jest zakazane mauretania
8%
27 Jedyne nieeuropejskie państwo bez oficjalnej stolicy nauru
8%
45 afrykańskie państwo z którego jest najwięcej emigrantów w rosji maroko
7%
21 Najstarsze miasto Polski złotoryja
6%
29 10. państwo wydające najwięcej pieniędzy na wojsko korea południowa
5%
63 Na terenie tego kraju była cywilizacja Kuszu sudan
5%
24 państwo z najbardziej brązową flagą na świecie andora
4%
18 najbardziej odwiedzane miasto na świecie Bangkok
4%
34 Najbardziej ludna wieś Polski kozy
4%
19 Państwo z wiekiem emerytalnym dla kobiet 57 lat rosja
2%
50 najbezpieczniejsze miasto czech olomouc
1%
20 Najmniejsze powierzchniowo miasto Polski stawiszyn
1%
25 Najlepsze polskie miasto do 100k mieszkańców (wg. AI) Krynica Zdrój
0%
Nie znaleziono quizów pasujących do podanych kryteriów
Rozkład punktacji
Procent ludzi z każdym wynikiem
Percentyl według liczby udzielonych odpowiedzi
Twoja historia wyników
Nie rozwiązałeś tego quizu